000 00245nam a2200097Ia 4500
008 240625s9999 xx 000 0 und d
041 _aeng
082 _a808.20 ARO
100 _aARORA RIDHIMA KAUR
245 _aSCOPE OF PORTFOLIO MANAGEMENT SERVICES
999 _c36525
_d36525